[Event "Korbach op 9th"]
[Site "Korbach"]
[Date "2017.10.21"]
[Round "4"]
[White "Nemetz, Markus"]
[Black "Schmidt, Andre"]
[Result "0-1"]
[WhiteElo "1951"]
[BlackElo "2154"]
[PlyCount "80"]
[EventDate "2017.10.19"]
[EventType "swiss"]
[EventRounds "7"]
[EventCountry "GER"]
[SourceTitle "CBM 181 Extra"]
[Source "ChessBase"]
[SourceDate "2017.12.12"]
[SourceVersion "1"]
[SourceVersionDate "2017.12.12"]
[SourceQuality "1"]

1. d4 Nf6 2. c4 g6 3. Nc3 Bg7 4. e4 d6 5. f3 Nc6 6. Be3 a6 7. Nge2 0-0 8. Qd2 Rb8 9. Nc1 e5 10. d5 Nd4 11. Nb3 c5 12. dxc6 Nxb3 13. axb3 bxc6 14. Ra3 Re8 15. Be2 Bf8 16. 0-0 Qc7 17. c5 Nd7 18. Bc4 Nxc5 19. f4 exf4 20. Rxf4 Be6 21. Bxe6 Nxe6 22. Rf2 Bg7 23. b4 Qb7 24. Qxd6 Rbd8 25. Qg3 Rd3 26. Ne2 Red8 27. Rxd3 Rxd3 28. Nf4 Rd1+ 29. Rf1 Rxf1+ 30. Kxf1 Be5 31. Qf3 Qb5+ 32. Kf2 Ng5 33. Qd1 Nxe4+ 34. Kg1 Qb8 35. g3 Qd6 36. Qc2 Nf6 37. Kg2 Bxf4 38. Bxf4 Qd5+ 39. Kg1 Qd4+ 40. Kg2 Qe4+ 0-1

[Event "Korbach op 9th"]
[Site "Korbach"]
[Date "2017.10.20"]
[Round "2"]
[White "Bluebaum, Johanna"]
[Black "Schmidt, Andre"]
[Result "1/2-1/2"]
[WhiteElo "1955"]
[BlackElo "2154"]
[PlyCount "69"]
[EventDate "2017.10.19"]
[EventType "swiss"]
[EventRounds "7"]
[EventCountry "GER"]
[SourceTitle "CBM 181 Extra"]
[Source "ChessBase"]
[SourceDate "2017.12.12"]
[SourceVersion "1"]
[SourceVersionDate "2017.12.12"]
[SourceQuality "1"]

1. d4 Nf6 2. c4 g6 3. Nc3 Bg7 4. e4 d6 5. Nf3 0-0 6. Be2 e5 7. dxe5 dxe5 8. Qxd8 Rxd8 9. Bg5 Re8 10. Nd5 Nxd5 11. cxd5 c6 12. Bc4 Bd7 13. 0-0-0 b5 14. dxc6 Bxc6 15. Bd5 a5 16. Kb1 h6 17. Be3 Ra6 18. Rd2 Bf8 19. Rc1 Kg7 20. Bc5 f6 21. Bxc6 Rxc6 22. Bxf8+ Rxf8 23. Rd5 Rxc1+ 24. Kxc1 Nc6 25. Rxb5 Nb4 26. Rxa5 Rc8+ 27. Kd1 Nd3 28. Ra7+ Kg8 29. Ke2 Nxb2 30. Ne1 Rc4 31. f3 f5 32. exf5 gxf5 33. Rb7 Na4 34. Kd3 Rc1 35. Kd2 1/2-1/2

[Event "Korbach op 8th"]
[Site "Korbach"]
[Date "2016.10.21"]
[Round "2"]
[White "Noe, Christopher"]
[Black "Schmidt, Andre"]
[Result "1-0"]
[WhiteElo "2423"]
[BlackElo "2132"]
[PlyCount "61"]
[EventDate "2016.10.20"]
[EventType "swiss"]
[EventRounds "7"]
[EventCountry "GER"]
[SourceTitle "CBM 175 Extra"]
[Source "ChessBase"]
[SourceDate "2016.12.12"]
[SourceVersion "1"]
[SourceVersionDate "2016.12.12"]
[SourceQuality "1"]

1. d4 Nf6 2. c4 g6 3. f3 Bg7 4. e4 d6 5. Ne2 0-0 6. Be3 c5 7. Nbc3 Qa5 8. Qd2 cxd4 9. Nxd4 Nc6 10. Be2 Bd7 11. 0-0 Nxd4 12. Bxd4 Bc6 13. Rac1 Qh5 14. b4 b6 15. Rfd1 Rfd8 16. Be3 Qe5 17. Nd5 Nxd5 18. cxd5 Bd7 19. Rc7 h5 20. Ba6 h4 21. Bd4 Qh5 22. Bxg7 Kxg7 23. Qc3+ f6 24. Bb7 Rab8 25. Bc6 h3 26. Bxd7 hxg2 27. Bg4 Qg5 28. Rxe7+ Kf8 29. Qc7 f5 30. Rf7+ Ke8 31. Rg7 1-0